|
|
|
|
| LEADER |
00000nas a2200000 a 4500 |
| 001 |
ssj0008325 |
| 003 |
WaSeSS |
| 005 |
20200512172242.0 |
| 006 |
m d |
| 007 |
cr n |
| 008 |
050413c19479999ilumr pss 0 a0eng c |
| 010 |
|
|
|a 2005214793
|
| 016 |
7 |
|
|a 013617736
|2 Uk
|
| 022 |
|
|
|a 1558-9331
|l 0003-021X
|y 0003-021X
|
| 035 |
|
|
|a (WaSeSS)ssj0008325
|
| 040 |
|
|
|a HUA
|b eng
|c HUA
|d NSD
|d GUA
|d NSD
|d OCL
|d MUQ
|d OCLCQ
|d OCLCS
|d Z5A
|d AU@
|d FJM
|d OCLCQ
|d DLC
|d OCLCO
|d OCLCF
|d OCLCO
|d OCLCQ
|d OCLCO
|d OCLCQ
|d OCLCO
|d NLE
|d DLC
|d OCLCO
|d WYU
|d UKMGB
|d U3W
|d VT2
|d OCLCO
|d OCLCA
|d NJT
|d OCLCO
|d OCLCA
|d WaSeSS
|
| 042 |
|
|
|a pcc
|a nsdp
|
| 050 |
1 |
4 |
|a TP669
|
| 082 |
1 |
0 |
|a 665
|2 13
|
| 210 |
0 |
|
|a J. Am. Oil Chem. Soc.
|b (Online)
|
| 222 |
|
0 |
|a Journal of the American Oil Chemists' Society
|b (Online)
|
| 245 |
0 |
0 |
|a Journal of the American Oil Chemists' Society
|h [electronic resource].
|
| 246 |
1 |
3 |
|a JAOCS
|f Jan. 1980-
|
| 260 |
|
|
|a Champaign, IL :
|b American Oil Chemists' Society Press,
|c 1947-
|
| 310 |
|
|
|a Monthly
|
| 362 |
1 |
|
|a Print began with vol. 24, no. 1 (Jan. 1947).
|
| 506 |
|
|
|a License restrictions may limit access.
|
| 538 |
|
|
|a Mode of access: World Wide Web.
|
| 580 |
|
|
|a Beginning in 1990, the news section of the Journal is published separately with title: International news on fats, oils, and related materials (Online).
|
| 588 |
|
|
|a Description based on: Vol. 24, no. 6 (June 1947); title from contents screen (SpringerLink, viewed Apr. 12, 2007).
|
| 588 |
|
|
|a Latest issue consulted: Vol. 84, no. 4 (Apr. 2007), viewed Apr. 12, 2007.
|
| 650 |
|
0 |
|a Oils and fats
|v Periodicals.
|
| 650 |
|
0 |
|a Soap
|v Periodicals.
|
| 650 |
|
6 |
|a Acides gras
|v Périodiques.
|
| 650 |
|
6 |
|a Aliments
|x Industrie et commerce
|v Périodiques.
|
| 650 |
|
6 |
|a Huiles et graisses
|v Périodiques.
|
| 650 |
|
6 |
|a Savon
|v Périodiques.
|
| 650 |
|
7 |
|a Oils and fats.
|2 fast
|0 (OCoLC)fst01044996
|
| 650 |
|
7 |
|a Soap.
|2 fast
|0 (OCoLC)fst01122068
|
| 650 |
1 |
7 |
|a Oliën.
|2 gtt
|
| 650 |
1 |
7 |
|a Chemie.
|2 gtt
|
| 650 |
|
2 |
|a Fats.
|
| 650 |
|
2 |
|a Food-Processing Industry.
|
| 655 |
|
0 |
|a Electronic journals.
|
| 710 |
2 |
|
|a American Oil Chemists' Society.
|
| 776 |
0 |
8 |
|i Print version:
|t Journal of the American Oil Chemists' Society
|x 0003-021X
|w (DLC) 54015388
|w (OCoLC)1033870
|
| 780 |
1 |
0 |
|t Oil and soap (Online)
|x 2331-3420
|w (DLC) 2007233447
|w (OCoLC)123021089
|
| 785 |
1 |
1 |
|t International news on fats, oils, and related materials (Online)
|w (DLC) 93644264
|w (OCoLC)60619037
|
| 856 |
4 |
0 |
|z Full text available from Research Library: 08/01/2004 to 12/31/2017
|u https://search.proquest.com/publication/42254
|